North American Sports Teams 1970-71 - Statistics

General Stats
  • This quiz has been taken 65 times
    25 since last reset
  • The average score is 85 of 107
Answer Stats
Hint Answer % Correct
California MLB: California Angels
100%
California MLB: Los Angeles Dodgers
100%
California NHL: Los Angeles Kings
100%
California NBA: Los Angeles Lakers
100%
California NFL: Los Angeles Rams
100%
California NFL: San Francisco 49ers
100%
California MLB: San Francisco Giants
100%
British Columbia CFL: BC Lions
94%
Massachusetts NHL: Boston Bruins
94%
Massachusetts NBA: Boston Celtics
94%
Massachusetts NFL: Boston Patriots
94%
Massachusetts MLB: Boston Red Sox
94%
Ohio MLB: Cincinnati Reds
94%
Texas NFL: Dallas Cowboys
94%
Michigan NFL: Detroit Lions
94%
Michigan MLB: Detroit Tigers
94%
Wisconsin NFL: Green Bay Packers
94%
Texas NFL: Houston Oilers
94%
Florida NFL: Miami Dolphins
94%
Wisconsin MLB: Milwaukee Brewers
94%
Minnesota NFL: Minnesota Vikings
94%
Quebec NHL: Montreal Canadiens
94%
New York NFL: New York Giants
94%
New York MLB: New York Yankees
94%
California NFL: Oakland Raiders
94%
California NFL: San Diego Chargers
94%
California MLB: San Diego Padres
94%
California NBA: San Francisco Warriors
94%
Georgia MLB: Atlanta Braves
89%
Georgia NFL: Atlanta Falcons
89%
Georgia NBA: Atlanta Hawks
89%
Maryland MLB: Baltimore Orioles
89%
New York NFL: Buffalo Bills
89%
New York NBA: Buffalo Braves
89%
Illinois NFL: Chicago Bears
89%
Illinois NHL: Chicago Black Hawks
89%
Illinois NBA: Chicago Bulls
89%
Illinois MLB: Chicago Cubs
89%
Illinois MLB: Chicago White Sox
89%
Ohio NFL: Cincinnati Bengals
89%
Ohio NBA: Cincinnati Royals
89%
Ohio NBA: Cleveland Cavaliers
89%
Ohio MLB: Cleveland Indians
89%
Colorado NFL: Denver Broncos
89%
Michigan NBA: Detroit Pistons
89%
Michigan NHL: Detroit Red Wings
89%
Texas MLB: Houston Astros
89%
Missouri NFL: Kansas City Chiefs
89%
Missouri MLB: Kansas City Royals
89%
Minnesota MLB: Minnesota Twins
89%
New York NFL: New York Jets
89%
New York NBA: New York Knicks
89%
New York MLB: New York Mets
89%
New York ABA: New York Nets
89%
New York NHL: New York Rangers
89%
California MLB: Oakland Athletics
89%
Pennsylvania NBA: Philadelphia 76ers
89%
Pennsylvania NFL: Philadelphia Eagles
89%
Pennsylvania NHL: Philadelphia Flyers
89%
Pennsylvania MLB: Philadelphia Phillies
89%
Arizona NBA: Phoenix Suns
89%
Missouri NHL: St. Louis Blues
89%
Missouri MLB: | Missouri NFL: St. Louis Cardinals
89%
Missouri NASL: St. Louis Stars
89%
Ontario NHL: Toronto Maple Leafs
89%
Utah ABA: Utah Stars
89%
DC NFL: Washington Redskins
89%
Georgia NASL: Atlanta Chiefs
83%
Maryland NBA: Baltimore Bullets
83%
Indiana ABA: Indiana Pacers
83%
Wisconsin NBA: Milwaukee Bucks
83%
Louisiana NFL: New Orleans Saints
83%
Pennsylvania NHL: Pittsburgh Penguins
83%
Pennsylvania MLB: Pittsburgh Pirates
83%
Pennsylvania NFL: Pittsburgh Steelers
83%
Oregon NBA: Portland Trail Blazers
83%
Washington NBA: Seattle SuperSonics
83%
British Columbia NHL: Vancouver Canucks
83%
DC MLB: Washington Senators
83%
Maryland NFL: Baltimore Colts
78%
Ohio NFL: Cleveland Browns
78%
Minnesota NHL: Minnesota North Stars
78%
Colorado ABA: Denver Nuggets
72%
New York NHL: Buffalo Sabres
67%
Quebec MLB: Montreal Expos
67%
California NBA: San Diego Rockets
67%
Ontario CFL: Toronto Argonauts
67%
Missouri NASL: Kansas City Spurs
61%
Kentucky ABA: Kentucky Colonels
61%
Ontario CFL: Ottawa Rough Riders
61%
Saskatchewan CFL: Saskatchewan Roughriders
61%
California NHL: California Golden Seals
56%
Alberta CFL: Edmonton Eskimos
56%
Ontario CFL: Hamilton Tiger-Cats
50%
Quebec CFL: Montreal Alouettes
50%
Manitoba CFL: Winnipeg Blue Bombers
44%
Alberta CFL: Calgary Stampeders
39%
Virginia ABA: Virginia Squires
39%
North Carolina ABA: Carolina Cougars
22%
Texas ABA: Texas Chaparrals
22%
Florida ABA: The Floridians
17%
Texas NASL: Dallas Tornado
11%
Tennessee ABA: Memphis Pros
11%
Pennsylvania ABA: Pittsburgh Condors
6%
New York NASL: Rochester Lancers
6%
DC NASL: Washington Darts
6%
No matching quizzes found
Score Distribution
Percent of People with Each Score
Percentile by Number Answered
Your Score History
You have not taken this quiz since the last reset